World geography T - Statistics

General Stats
  • This quiz has been taken 61 times
    31 since last reset
  • The average score is 18 of 25
Answer Stats
Questions Answer % Correct
4) Japanese capital, the largesturban area in the world Tokyo
100%
10) The largest city in Canada Toronto
100%
20) Capital of Iran Tehran
93%
21) Famous marble mausoleum in Agra, India Taj Mahal
89%
25) Southern African country that containsMt Kilimanjaro and Zanzibar Tanzania
89%
16) Main public square in the center of London Trafalgar
89%
17) Famous fountain in Rome where coins are tossed in hope for a return trip Trevi
89%
2) The Shroud of Jesus is keptin this northern Italian city Turin
86%
3) Capital of Taiwan Taipei
82%
12) Mountainous country in the centralAsian steppe on the border with China and Afghanistan Tajikistan
82%
7) Ancient city in Mali, also a word to describe "the middle of nowhere" or a long journey Timbuktu
82%
11) Island country considered part of North America, but is only 10 miles from South America Trinidad and Tobago
82%
23) The economic and tech hub city of Israel Tel Aviv
79%
22) 2nd biggest city in Greece with Romanand Byzantine ruins/monuments Thessaloniki
71%
18) Southern Mexican state which a typeof hot sauce is named after Tabasco
68%
19) largest and most populous of theCanary Islands Tenerife
68%
15) City in southern France, the 4thlargest. The Pink City Toulouse
68%
5) Bay, Buccaneers, Rays, Lightning Tampa
64%
8) Capital of Honduras Tegucigalpa
61%
14) City on the west side of Lake Eriein northern Ohio, namesake of the same city in Spain Toledo
61%
9) Capital of New Jersey Trenton
61%
6) 2nd largest city in Arizona Tucson
61%
1) Capital of the Aztec Empire Tenochtitlan
50%
13) Major city in southern Finland knownfor its churches and museums Tampere
39%
24) Capital of the Faroe Islands Torshavn
32%
No matching quizzes found
Score Distribution
Percent of People with Each Score
Percentile by Number Answered
Your Score History
You have not taken this quiz since the last reset